<?xml version="1.0" encoding="UTF-8"?>
<record
    xmlns:xsi="http://www.w3.org/2001/XMLSchema-instance"
    xsi:schemaLocation="http://www.loc.gov/MARC21/slim http://www.loc.gov/standards/marcxml/schema/MARC21slim.xsd"
    xmlns="http://www.loc.gov/MARC21/slim">

  <leader>00620nam a22001577a 4500</leader>
  <controlfield tag="003">OSt</controlfield>
  <controlfield tag="005">20150916150231.0</controlfield>
  <controlfield tag="008">150916b        xxu||||| |||| 00| 0 eng d</controlfield>
  <datafield tag="040" ind1=" " ind2=" ">
    <subfield code="c">RUA</subfield>
  </datafield>
  <datafield tag="082" ind1=" " ind2=" ">
    <subfield code="a">AGR YI 1999 BOO25 Or.1</subfield>
  </datafield>
  <datafield tag="100" ind1=" " ind2=" ">
    <subfield code="9">602</subfield>
    <subfield code="a">YI, POM</subfield>
  </datafield>
  <datafield tag="245" ind1=" " ind2=" ">
    <subfield code="a">Small-scale orange production in svay po disteict of battambang province,( &#x1795;&#x179B;&#x17B7;&#x178F;&#x1780;&#x1798;&#x17D2;&#x1798;&#x1780;&#x179A;&#x17BC;&#x1785;&#x1796;&#x17C4;&#x1792;&#x17B7;&#x17CD;&#x179F;&#x17B6;&#x178F;&#x17CB;&#x1787;&#x17B6;&#x179B;&#x1780;&#x17D2;&#x1781;&#x178E;&#x17C8;&#x1782;&#x17D2;&#x179A;&#x17BD;&#x179F;&#x17B6;&#x179A;&#x1793;&#x17C5;&#x179F;&#x17D2;&#x179A;&#x17BB;&#x1780;&#x179F;&#x17D2;&#x179C;&#x17B6;&#x1799;&#x1794;&#x17C9;&#x17C4; &#x1781;&#x17C1;&#x178F;&#x17D2;&#x178F;&#x1794;&#x17B6;&#x178F;&#x17CB;&#x178A;&#x17C6;&#x1794;&#x1784;).</subfield>
  </datafield>
  <datafield tag="260" ind1=" " ind2=" ">
    <subfield code="a">phnom phen</subfield>
    <subfield code="b">RUA</subfield>
    <subfield code="c">1999</subfield>
  </datafield>
  <datafield tag="300" ind1=" " ind2=" ">
    <subfield code="a">41P.</subfield>
    <subfield code="b">ILL.</subfield>
    <subfield code="c">1999</subfield>
  </datafield>
  <datafield tag="942" ind1=" " ind2=" ">
    <subfield code="2">ddc</subfield>
    <subfield code="c">AGR</subfield>
  </datafield>
  <datafield tag="999" ind1=" " ind2=" ">
    <subfield code="c">579</subfield>
    <subfield code="d">579</subfield>
  </datafield>
  <datafield tag="952" ind1=" " ind2=" ">
    <subfield code="0">0</subfield>
    <subfield code="1">0</subfield>
    <subfield code="2">ddc</subfield>
    <subfield code="4">0</subfield>
    <subfield code="6">AGR_YI_1999_000000000000000_BOO25_OR_1</subfield>
    <subfield code="7">0</subfield>
    <subfield code="9">2669</subfield>
    <subfield code="a">LBB</subfield>
    <subfield code="b">LBB</subfield>
    <subfield code="c">B025</subfield>
    <subfield code="d">2015-09-16</subfield>
    <subfield code="o">AGR YI 1999 BOO25 Or.1</subfield>
    <subfield code="p">rua004304</subfield>
    <subfield code="r">2015-09-16</subfield>
    <subfield code="w">2015-09-16</subfield>
    <subfield code="y">AGR</subfield>
  </datafield>
  <datafield tag="952" ind1=" " ind2=" ">
    <subfield code="0">0</subfield>
    <subfield code="1">0</subfield>
    <subfield code="2">ddc</subfield>
    <subfield code="4">0</subfield>
    <subfield code="6">AGR_YI_1999_000000000000000_BOO25_OR_2</subfield>
    <subfield code="7">0</subfield>
    <subfield code="9">2670</subfield>
    <subfield code="a">LBB</subfield>
    <subfield code="b">LBB</subfield>
    <subfield code="c">B025</subfield>
    <subfield code="d">2015-09-16</subfield>
    <subfield code="l">1</subfield>
    <subfield code="o">AGR YI 1999 BOO25 Or.2</subfield>
    <subfield code="p">rua004436</subfield>
    <subfield code="r">2018-11-05</subfield>
    <subfield code="s">2018-10-19</subfield>
    <subfield code="w">2015-09-16</subfield>
    <subfield code="y">AGR</subfield>
  </datafield>
</record>
